Gaming Quiz

Random Gaming or Video Games Quiz

Fortnite Battle Royale Map (Season 4) Quiz Stats

 Plays Quiz Updated Aug 8, 2018

Score 0/21 Timer 03:00
205 Plays Today
% Correct
Loot Lake
90.8%
Wailing Woods
88.9%
Dusty Divot
88.8%
Pleasant Park
88.2%
Tilted Towers
86.4%
Anarchy Acres
85.5%
Tomato Town
84.6%
Retail Row
83.7%
Moisty Mire
83.6%
Snobby Shores
83.6%
Greasy Grove
83.6%
% Correct
Lucky Landing
83.2%
Flush Factory
83.2%
Talladega Nights
82.2%
Fatal Fields
81.7%
Lonely Lodge
80.5%
Salty Springs
80.2%
Junk Junction
80.1%
Risky Reels
78.9%
Shifty Shafts
77.5%
Haunted Hills
76.5%

You're not logged in!

Compare scores with friends on all Sporcle quizzes.
OR
Log In

You Might Also Like...

Show Comments

Extras

Top Quizzes Today


Score Distribution

Your Account Isn't Verified!

In order to create a playlist on Sporcle, you need to verify the email address you used during registration. Go to your Sporcle Settings to finish the process.

Report this User

Report this user for behavior that violates our Community Guidelines.

Details: